000 00647nam a2200205 4500
001 143510
003 ES-MaACL
005 20240228214408.0
007 t|
008 070214s1953 sp r ||||1| spa d
100 1 _aSequeros, Antonio.
_9105512
245 1 0 _aDeterminantes históricas de la generación del 98 /
_cAntonio Sequeros.
260 _aAlicante :
_b[s.n.],
_c1953 (
_fTalls. Alonso)
300 _a186 p., 5 h. de lám. ;
_c22 cm.
599 _aRetr. del autor.
650 4 _aGeneración del 98 (Literatura)
_913051
651 4 _aEspaña-
_xHistoria-
_y1898
_98272
852 _aES-MaACL
_jC-6552
999 _c143510
_d143510